000 00349nam a2200145Ia 4500
003 OSt
005 20240104113744.0
008 170523s9999 xx 000 0 und d
020 _a8120312066
040 _ciimt university meerut
100 _aPRATLEY- PETER
245 4 _aTHE ESSENCE OF BUSINESS ETHICE
260 _bNEW DELHI PHI
942 _2ddc
_c02
999 _c858
_d858